| 000 | 00727nam a22002417a 4500 | ||
|---|---|---|---|
| 008 | 240605b mp ||||| |||| 00| 0 mon d | ||
| 020 | _a978-99962-62-10-4 | ||
| 035 | _a8728 | ||
| 040 |
_aDA0445040 _bmon _cMN-UlNLM _dMN-UlNLM _erda |
||
| 041 | _amon | ||
| 042 | _a26180 | ||
| 084 |
_221 _a894.233 _bБ.109 |
||
| 100 | _aБаасансүрэн Т. | ||
| 245 | 0 | _aТэрбумтан | |
| 264 |
_aУлаанбаатар _bЗасгийн газрын ХҮ _c2011 |
||
| 300 | _a488 х. | ||
| 336 |
_2rdacontent _atext _btxt |
||
| 337 |
_2rdamedia _aunmediated _bn |
||
| 338 |
_2rdacarrier _avolume _bnc |
||
| 490 | _v4 | ||
| 650 | _aроман, Тэрбумтан, Дөрвөн бүлэгт роман | ||
| 942 |
_210-t _cBK |
||
| 999 |
_c744949 _d745006 |
||